Contaminación ambiental: una visión desde la química

Đã lưu trong:
Chi tiết về thư mục
Những tác giả chính: Orozco Barrenetxea, Carmen (autora), Pérez Serrano, Antonio (Tác giả), González Delgado, María Nieves (Tác giả), Rodríguez Vidal, Francisci J (Tác giả), Alfayate Blanco, José Marcos (Tác giả)
Định dạng: Sách
Ngôn ngữ:Tiếng Tây Ban Nha
Được phát hành: Madrid Thomson 2003
Những chủ đề:
Các nhãn: Thêm thẻ
Không có thẻ, Là người đầu tiên thẻ bản ghi này!

MARC

LEADER 00000nam a2200000 a 4500
001 UCI3525
003 CL-VaPUC
008 071109e20030000SP |||||||||||||||||spa|d
020 |a 9788497321785 
082 0 4 |a 577.14  |b ORO  |2 21 
100 |a Orozco Barrenetxea, Carmen  |e autora  |9 532355 
700 0 |a Pérez Serrano, Antonio  |e author  |9 524879 
700 |a González Delgado, María Nieves  |e author  |9 532356 
700 0 |a Rodríguez Vidal, Francisci J  |e author  |9 524881 
700 0 |a Alfayate Blanco, José Marcos  |e author  |9 524882 
245 1 0 |a Contaminación ambiental: una visión desde la química 
300 |a 682 p 
942 |c BK 
945 |d 20071109 00:00:00  |a jtorresc 
260 |a Madrid  |b Thomson  |c 2003 
500 |a Contiene un Cd-rom 
650 0 |a Contaminación ambiental  |9 314181 
650 0 |a Tecnología sanitaria  |9 262722 
650 7 |a QUIMICA DEL MEDIO AMBIENTE  |2 CL-VaPUC  |9 306783 
650 0 |a Residuos industriales  |9 261421 
650 0 |a Medio ambiente  |9 257625 
650 7 |a ESTABILIZACION DE SUELOS  |2 CL-VaPUC  |9 262770 
650 0 |a Calidad del agua   |9 261394 
650 0 |a Componentes químicos  |9 358043 
583 |a last modification  |c 20071109 00:00:00  |k Rodrigo Vera 
999 |c 327678  |d 327676 
952 |0 0  |1 0  |4 0  |6 577_140000000000000_ORO_2003  |7 0  |8 A  |9 410847  |a BIBCUR  |b BIBCUR  |d 2019-11-22  |i 4385837  |o 577.14 ORO 2003  |p 4385837  |r 2025-04-22  |w 2019-11-22  |y BK  |k QUI 
952 |0 0  |1 0  |4 0  |6 577_140000000000000_ORO_2003  |7 0  |8 A  |9 410848  |a BIBCUR  |b BIBCUR  |d 2019-11-22  |i 4385845  |o 577.14 ORO 2003  |p 4385845  |r 2025-04-22  |w 2019-11-22  |y BK  |k QUI 
952 |0 0  |1 0  |4 0  |6 577_140000000000000_ORO_2003  |7 0  |8 A  |9 410849  |a BIBCUR  |b BIBCUR  |d 2019-11-22  |i 4385853  |o 577.14 ORO 2003  |p 4385853  |r 2025-04-22  |w 2019-11-22  |y BK  |k QUI 
952 |0 0  |1 0  |4 0  |6 577_140000000000000_ORO_2003  |7 0  |8 A  |9 410850  |a BIBCUR  |b BIBCUR  |d 2019-11-22  |i 4385861  |o 577.14 ORO 2003  |p 4385861  |r 2025-04-22  |w 2019-11-22  |y BK  |k QUI